| 000 | 00873nam a22002897a 4500 | ||
|---|---|---|---|
| 003 | CHAP | ||
| 005 | 20220329141806.0 | ||
| 008 | 971013s1957 r 00010 d | ||
| 010 | _a73893 | ||
| 011 | _a74865 | ||
| 035 | _a84424 | ||
| 040 | _cCHAP | ||
| 082 |
_a612.015 _bH3 1957 |
||
| 100 | 0 | 0 |
_aHarper, Harold A. _952808 |
| 245 | _areview of physiological ohemistry | ||
| 250 | _a6 ed. | ||
| 260 |
_aLos Altos, Cal. : _bLange Medical Publications, _c1957 |
||
| 300 |
_a376 p _b: ilus. |
||
| 590 |
_aBATCH-UPD _b10 _c20130110 _lUCH01 _h1715 |
||
| 590 |
_aBATCH-UPD _b10 _c20130410 _lUCH01 _h1100 |
||
| 590 |
_aBATCH-UPD _b10 _c20130914 _lUCH01 _h1912 |
||
| 590 |
_aCONVERSION _b10 _c20130109 _lUCH01 _h1340 |
||
| 650 | 1 | 4 |
_aQuímica fisiológica. _993592 |
| 901 | _aBK | ||
| 942 | _cLIBRO | ||
| 949 |
_a612.015 H3 1957 _bBC _cLIBRO _d33724000011573 _eLIBRO _h14387 _i84424 _mD _si |
||
| 999 |
_c73893 _d73893 |
||